|
|
|
|
| LEADER |
00925cam a2200253 7i4500 |
| 001 |
0000074098 |
| 005 |
20230104090000.0 |
| 020 |
|
|
|a 9781003051282 (electronic book)
|
| 090 |
0 |
0 |
|a QA297
|b .R33 2022
|
| 245 |
1 |
0 |
|a Radar systems analysis and design using MATLAB
|c Bassem R. Mahafza.
|
| 250 |
|
|
|a Fourth edition.
|
| 264 |
|
|
|a Boca Raton:
|b CRC Press,
|c 2022.
|
| 300 |
|
|
|a 1 online resource (1 volume):
|b illustrations (black and white), text file, PDF.
|
| 336 |
|
|
|a text
|2 rdacontent
|
| 337 |
|
|
|a computer
|2 rdamedia
|
| 338 |
|
|
|a online resource
|2 rdacarrier
|
| 650 |
|
0 |
|a MATLAB
|
| 650 |
|
0 |
|a System analysis --
|x Data processing
|
| 650 |
|
0 |
|a Radar
|
| 655 |
|
0 |
|a Electronic books
|
| 856 |
4 |
2 |
|u http://library.unisel.edu.my/web/guest/mylibrary
|
| 997 |
|
|
|a Communication, Visual Art & Computing, Faculty
|b Computing, Department
|
| 998 |
|
|
|a Computer Science, Degree
|
| 999 |
|
|
|a EBO0017299
|b EBOOK
|c EBOOK
|e Electronic resources
|